Torgovyj deficit SŠA: teorii i prognozy.

Vysoký deficit obchodnej a platobnej bilancie USA, prílev kapitálu do USA premenil túto krajinu z medzinárodného veriteľa na medzinárodného dlžníka. Tieto procesy určili hranicu v rozvoji internacionalizácie americkej ekonomiky. Charakteristika názorov troch skupín ekonómov - monetaristov, štruktura...

Ausführliche Beschreibung

Gespeichert in:
Bibliographische Detailangaben
1. Verfasser: Popov, V.
Format: Buchkapitel
Sprache:Russisch
Schlagworte:
Tags: Tag hinzufügen
Keine Tags, Fügen Sie das erste Tag hinzu!

MARC

LEADER 00000naa a2200000 4500
001 r002439
005 20220819194804.5
041 0 |a rus 
044 |a [SU] 
245 1 0 |a Torgovyj deficit SŠA: teorii i prognozy.  |c V. Popov 
520 |a Vysoký deficit obchodnej a platobnej bilancie USA, prílev kapitálu do USA premenil túto krajinu z medzinárodného veriteľa na medzinárodného dlžníka. Tieto procesy určili hranicu v rozvoji internacionalizácie americkej ekonomiky. Charakteristika názorov troch skupín ekonómov - monetaristov, štrukturalistov a predstaviteľov ekonomiky ponuky - na príčiny problémov, na ich riešenie a na typ štátnej politiky USA. 
610 2 0 |a bilancia obchodná 
610 2 0 |a bilancia platobná 
610 2 0 |a zadlženosť zahraničná 
610 2 0 |a internacionalizácia ekonomiky 
610 2 0 |a politika hospodárska 
610 2 0 |a teórie ekonomické 
610 2 0 |a monetarizmus 
610 2 0 |a USA 
100 1 |a Popov, V.